| 000 | 00644nam a22002177a 4500 | ||
|---|---|---|---|
| 003 | dpl | ||
| 005 | 20240401121033.0 | ||
| 008 | 240305b |||||||| |||| 00| 0 eng d | ||
| 010 | _aENG-139912 | ||
| 020 |
_a9789383420117 _c200.00 |
||
| 035 | _aEN-123444 | ||
| 037 | _bDBAD | ||
| 040 | _c. | ||
| 082 | _a005.3 | ||
| 100 |
_aBhattacharya, Joyrup _962808 |
||
| 245 |
_aRudiments of Modern Computer Application/ _cBy Joyrup Bhattacharya |
||
| 260 |
_aKolkata _bB. K. of Academic Publishers _c2014 |
||
| 270 |
_a5A, Bhawani Dutta Lane _bKolkata _e700073 |
||
| 300 |
_a384.Pages _c24cm,(pbk) |
||
| 942 |
_2ddc _cEN _h005.3 _mBHA |
||
| 999 |
_c201743 _d201743 |
||